000 00946cam a2200145 4500500
005 20260208010539.0
041 _afre
042 _adc
100 1 0 _aGabaude, Jean-Marc
_eauthor
245 0 0 _aJean-Pierre Zarader (dir.), Le Vocabulaire des philosophes, préf. de J.-P. Zarader, Paris, Ellipses, 2002 ; t. I : De l’Antiquité à la Renaissance, préf. de Jean-François Balaudé, 720 p. ; t. II : Philosophie classique et moderne (XVIIe-XVIIIe siècles), préf. de Denis Kambouchner, 832 p. ; t. III : Philosophie moderne (XIXe siècle), préf. de Bernard Bourgeois, 704 p. ; t. IV : Philosophie contemporaine (XXe siècle), préf. de Frédéric Worms, 1 120 p.
260 _c2005.
500 _a13
786 0 _nRevue philosophique de la France et de l'étranger | 130 | 1 | 2005-03-01 | p. 77s-130s | 0035-3833
856 4 1 _uhttps://shs.cairn.info/revue-philosophique-2005-1-page-77s?lang=fr&redirect-ssocas=7080
999 _c1657058
_d1657058